| 000 | 02214nam a2200457Ia 4500 | ||
|---|---|---|---|
| 001 | dia_5785 | ||
| 003 | CHAP | ||
| 005 | 20250801151722.0 | ||
| 007 | ta | ||
| 008 | 220117s2014 mx bdo fr 001 0 spa d | ||
| 040 |
_cCHAP _amxchpua |
||
| 090 |
_aT.C.642 _bP47 SAI _c2014 |
||
| 245 | 1 | 0 |
_aResultados y análisis de la fase previa y campo de la materia Sistemas Agroindustriales en el estado de Chiapas / _ccoordinador Juan Pérez Barrón ; colaboradores Ángel Daniel Aguilar Hernández...[et al.] |
| 260 |
_aMéxico : _bEl autor, _c2014 |
||
| 300 |
_a91 hojas : _bmapas, gráficas, diagramas, tablas, fotos + _e1 CD-ROM |
||
| 336 |
_2rdacontent _atexto _btxt |
||
| 337 |
_2rdamedia _ano mediado _bn |
||
| 338 |
_2rdacarrier _avolumen _bnc |
||
| 500 | _a6° año Grupo 4 -- El Cd contiene reporte.-- Directorio: h. 89-91 | ||
| 502 |
_aViaje de estudios _b(SAI) -- _cUACh. Departamento de Ingeniería Agroindustrial, _d2014 |
||
| 504 | _aBibliografía: hoja 88 | ||
| 505 |
_aEmpresas visitadas: -- _t1. FIRA -- 2. Café Real Chapaneco -- 3. Federación Indígena Ecológica de Chiapas, S. S. S. (FIECH) -- 4. Oficinas de Desarrollo Municipal del Municipio Las Margaritas, Chiapas -- 5. Outspan México, maquiladora de café -- 6. Grupo Herdez, Chiapas -- 7. Procesa Chiapas -- 8. Lácteos Blanquita -- 9. Asociación Ganadera -- 10. Quesos San Juan |
||
| 650 | 1 | 3 |
_aIndustria de los alimentos _9148659 |
| 650 | 1 | 0 |
_aIndustria lechera _zMéxico _zChiapas _9151686 |
| 650 | 1 | 0 |
_aIndustria pesquera _zMéxico _zChiapas _9159483 |
| 650 | 1 | 3 |
_aProductos de café _9157296 |
| 650 | 1 | 3 |
_aFood industry _9157075 _zMexico _zChiapas |
| 650 | 1 | 0 |
_aFish industry _zMexico _zChiapas _9159654 |
| 650 | 1 | 3 |
_aDiary industry _9159653 _zMexico _zChiapas |
| 650 | 1 | 3 | _aCoffee products |
| 700 | 1 |
_aPérez Barrón, Juan _9148338 _ecoordinador |
|
| 700 | 1 |
_aAguilar Hernández, Angel Daniel _9132002 _ecolaborador |
|
| 856 | 4 | 2 |
_uhttp://10.13.5.2/ve/TC642SAI/TC642SAI2014-REPORTE.pdf _yDESCARGAR REPORTE |
| 901 | _aT.C.642 P47 SAI 2014 | ||
| 902 | _aA | ||
| 905 | _a5232272014 mx bmnl8223223322spa16 | ||
| 942 | _2local | ||
| 942 | _cVE | ||
| 999 |
_c176869 _d176869 |
||